000 01301nam a2200349Ia 4500
001 ebr10645483
003 CaPaEBR
006 m u
007 cr cn|||||||||
008 800724s1978 ctu s 001 0 eng d
010 _z 77013209
020 _z0300024096
020 _z9780300024098
020 _z9780300157185
040 _aCaPaEBR
_cCaPaEBR
035 _a(OCoLC)844342953
050 1 4 _aBD181
_b.B76 1978eb
082 0 4 _a121
_223
100 1 _aBronowski, Jacob,
_d1908-1974.
245 1 4 _aThe origins of knowledge and imagination
_h[electronic resource] /
_cJacob Bronowski.
260 _aNew Haven ;
_aLondon :
_bYale University Press,
_c1978.
300 _axiii, 144 p.
490 1 _aMrs. Hepsa Ely Silliman memorial lectures (Yale University)
500 _aIncludes index.
533 _aElectronic reproduction.
_bPalo Alto, Calif. :
_cebrary,
_d2013.
_nAvailable via World Wide Web.
_nAccess may be limited to ebrary affiliated libraries.
650 0 _aKnowledge, Theory of.
650 0 _aImagination.
655 7 _aElectronic books.
_2local
710 2 _aebrary, Inc.
830 0 _aMrs. Hepsa Ely Silliman memorial lectures.
856 4 0 _uhttp://site.ebrary.com/lib/rucke/Doc?id=10645483
_zAn electronic book accessible through the World Wide Web; click to view
999 _c31043
_d31043